| 000 | 00456nam a2200157Ia 4500 | ||
|---|---|---|---|
| 008 | 210716s2014 xx 000 0 und d | ||
| 020 | _a9781420083941 | ||
| 041 | _aeng | ||
| 082 | _a005.761 BHAN | ||
| 100 | _aBhansali, Neera. | ||
| 245 |
_aStrategic data warehousing: achieving alignment with business. _bAchieving alignment with business. |
||
| 250 | _a1 | ||
| 260 |
_aNew Delhi _bCRC Press _c2014 |
||
| 300 | _axvii,199 | ||
| 650 | _aData Warehousing | ||
| 999 |
_c193590 _d193590 |
||